01084nam a2200241Ia 450000100060000000300090000600800410001504000130005604000130006904100130008210000200009510000290011524500240014424500240016825000110019226000100020326000340021326000490024730000430029650004330033965000390077265000310081137786IT-RoPAU130308s9999 xx 000 0 und d aIT-RoPAU cIT-RoPAU aFRANCESE aRichard Andrè gCodice Aut. SPICS: 17406 aCritique d'art (La) bCritique D'Art (La) a4a ed. aPARIS bPresses Universitaires France c1980 [1° Ed.:1958 - Ed.Ling.Originale:1958] a"128 p. (prefazione: no ; testo: 128)" aCritica d'arte Critica Descrittiva Teorici Critica Canonica regole dell'arte Critica Accademica Critica ideologica Valore Religioso Morale Politico e Sociale Critica soggettiva Critica Polemica dal Realismo al surrealismo Critica Formale pensiero Tedesco Wolfflin Andre' malraux Critica Storica Biografia Storia dell'arte nuove Direzioni della Critica Psicanalisi Marxismo e Sociologia dell'arte Semiologia e Strutturalismo aTEORIA/LINGUAGGI DELLE ARTI VISIVE eCodice materia Spics: 5003